Music Quiz

Random Music or Rock Quiz
Score 0/26 Timer 10:00
0 Plays Today
Hint Answer % Correct
Sugar, We're FallingSugar We're Goin' Down
64.4%
The Drug I Have YouThe Drug In Me Is You
55.6%
At The EndIn The End
53.3%
North DownNorthern Downpour
46.7%
Ocean RoadOcean Avenue
42.2%
When It Comes To Go To The PartyWhere Did The Party Go
28.9%
Lovers Of BreakingDemolition Lovers
26.7%
I Am An AnimalAnimal I Have Become
26.7%
Linear BoyLane Boy
26.7%
RespirationBreathing
24.4%
Rise In The HeartTear In My Heart
15.6%
Dead DayDay Of The Dead
13.3%
This Is TeachingThis Is Gospel
11.1%
Hint Answer % Correct
Battle Of ChangeWar Of Change
8.9%
Last EpisodeThe Final Episode
8.9%
In The End We StartEnd Is Where We Begin
8.9%
I Will Not SurrenderI Won't Give In
6.7%
Now Listen To MeHear Me Now
4.4%
The Spear And The DoubleKnives And Pens
2.2%
CauseNumb
2.2%
The Best LifeThe Sharpest Lives
2.2%
To SleepSleepwalking
0%
Lost His LifeLosing My Life
0%
AnalgesicPainkiller
0%
SuppressDrown
0%
InheritanceThe Legacy
0%
Come Together.
Have Fun.
All Virtual.
We all need to come together. Play Sporcle's virtual live trivia to have fun, connect with people, and get your trivia on. Join a live hosted trivia game for your favorite pub trivia experience done virtually. If a virtual private party is more your thing, go here for details.

You're not logged in!

Compare scores with friends on all Sporcle quizzes.
OR
Log In

Sporcle TV

Today on Sporcle TV


Watch our educational content, quiz creation guides, and fun videos on Sporcle TV.

Show Comments

Extras

Top Quizzes Today


Score Distribution

Paid Content

Your Account Isn't Verified!

In order to create a playlist on Sporcle, you need to verify the email address you used during registration. Go to your Sporcle Settings to finish the process.

Report this User

Report this user for behavior that violates our Community Guidelines.

Details: